00823nam a2200217Ia 450000100060000000800390000602000150004508200110006010000220007124500580009325000130015126000370016430000180020165300130021965300190023265300210025194200120027295201520028495201520043699900170058865694130101n ii |||gr||||Z||||||asm a8176652865 a891.41 aBorgohain, Homen. 0aChinta-TarangacBy Homen BorgohainhTextual Documents a4th edn. aGuwahatibStudents Storesc2019. a150pg:c23cm. aAssamese aChinta-Taranga aG-H B Collection 2ddccBK 001040708General aSKBLbSKBLcG-H B Collectiond2022-11-02f00000g130.00l0o891.41 Bo 644 Chp173/hbcr2024-01-14 00:00:00t1w2022-11-02yBK 001040708General aSKBLbSKBLcG-H B Collectiond2022-11-02f00000g130.00l0o891.41 Bo 644 Chp172/hbcr2024-01-14 00:00:00t2w2022-11-02yBK c66787d66787